000 00976nam0a2200289 4500
001 RU\NLR\bibl\1385586
005 20260405081022.0
010 _a978-5-699-34830-5
_96000
021 _aRU
_b2009-45791
_9207д
035 _a(NLR Aleph) 001377654
090 _a1081830
_c1081830
100 _a20090623d2009 |||y0rusy50 ca
101 0 _arus
102 _aRU
105 _ay |||||||||
200 1 _aЩенки и псы войны
_e[роман]
_fСергей Аксу
210 _aМосква
_cЭксмо
_d2009
215 _a345, [2] с.
_d17
225 1 _aАфган
_iЧечня
_iЛокальные войны
225 1 _aНеизвестная война
_iЧечня
700 1 _4070
_8rus
_7ca
_aЩербаков
_bС. А.
_cписатель, сценарист
_gСергей Анатольевич
_3RU\NLR\auth\7728066
_911097
801 0 _aRU
_bNLR
_c20090623
_gRCR
801 1 _aRU
_bNLR
_c20090623
942 _cBOOK
980 _aNB